Gaderská dolina

Zobrazenie: Pohľad na lesnú cestu točiacu v pozadí doľava. Vľavo v popredí aj v pozadí sú vysoké skaly a na nich rastú riedko ihličnaté stromy

Bibliographic Details
Format: Postcard
Language:Slovak
PhysicalDescription:1 pohľadnica čiernobiela 14 x 9 cm
Published: Bratislava Tvar 1953
Subjects:

MARC

LEADER 00000nkm a2200000 a 4500
001 vtls012013988
003 SK-MaSNL
005 20260512122640.0
007 kp bo
008 231121s1953 xo g kuslo
015 |a SNBG1953 
035 |a urn:nbn:sk:snk-km00fam5 
035 |a urn:nbn:sk:snk-km45sz0 
035 |a 3EBB10D0-FA20-416C-A140-232B340E7A14 
040 |a SNK  |b slo  |c SNK  |e AACR2 
041 0 |a slo 
043 |a e-xo--- 
044 |a xo  |c SK 
072 7 |a 908(437)  |x Vlastiveda Česka a Slovenska  |2 konspekt 
080 |a 908(437.6)  |2 2011 
080 |a 625.711.1/.3  |2 2011 
080 |a (084.121)  |2 2011 
080 |a 711.73  |2 2011 
080 |a 551.435.4  |2 2011 
080 |a 630*10  |2 2011 
245 0 0 |a Gaderská dolina  |h grafika 
260 |a Bratislava  |b Tvar  |c 1953 
300 |a 1 pohľadnica  |b čiernobiela  |c 14 x 9 cm 
520 8 |a Zobrazenie: Pohľad na lesnú cestu točiacu v pozadí doľava. Vľavo v popredí aj v pozadí sú vysoké skaly a na nich rastú riedko ihličnaté stromy 
650 0 7 |a cesty  |2 SNKPH  |9 25096 
650 0 7 |a skalné útvary  |2 SNKPH  |9 115197 
650 0 7 |a lesy  |2 SNKPH  |9 1437 
651 7 |a Gaderská dolina (Slovensko)  |2 SNKPHgeo  |9 62694 
655 7 |a geografické pohľadnice  |2 SNKPH  |9 70522 
852 |a Slovenská národná knižnica 
958 |a GC 
958 |a GBN 
958 |a OND 
958 |a EUIPO 
999 |c 644939  |d 646869 
952 |a SNK  |b SNK  |y PREZ  |7 0  |p 17A1380303  |o snkSP 99737  |z Pohľadnica prešla poštou.  |0 0  |1 0  |4 0  |d 2021-02-10  |f 1  |l 0  |r 2026-02-23 18:04:23  |w 2026-02-23